00242nam a2200097Ia 4500008004100000100001900041245002300060260003200083300000900115650002000124190216s9999||||xx |||||||||||||| ||und|| aChandu Menon O 0aIndulekhaye Kurich bPoorna Pubs Kozhikodec1995 a323p aEssay Malayalam